市の名前が入る駅(九州) - Statistics

General Stats
  • This quiz has been taken 23 times
  • The average score is 155 of 263
Answer Stats
Hint Hint Answer % Correct
長崎 長崎 | 高知 長崎
89%
福岡 富山 福岡
83%
久留米 東京 東久留米
83%
久留米 福岡 久留米
83%
直方 福岡 直方
83%
飯塚 福岡 飯塚
83%
佐世保 長崎 佐世保
83%
諫早 長崎 諫早
83%
大村 兵庫 | 長崎 大村
83%
松浦 長崎 松浦
83%
熊本 熊本 熊本
83%
鹿児島 鹿児島 鹿児島
83%
福岡 埼玉 上福岡
78%
福岡 福岡 西鉄福岡(天神)
78%
大牟田 福岡 大牟田
78%
飯塚 福岡 新飯塚
78%
柳川 岡山 柳川
78%
大川 神奈川 大川
78%
春日 埼玉 春日部
78%
春日 東京 | 福岡 春日
78%
春日 愛知 春日井
78%
佐賀 佐賀 佐賀
78%
唐津 佐賀 唐津
78%
鳥栖 佐賀 鳥栖
78%
多久 佐賀 多久
78%
伊万里 佐賀 伊万里
78%
武雄 佐賀 武雄温泉
78%
鹿島 福島 鹿島
78%
鹿島 茨城 鹿島神宮
78%
島原 長崎 島原
78%
大村 長崎 新大村
78%
八代 熊本 新八代
78%
八代 熊本 八代
78%
人吉 熊本 人吉
78%
荒尾 岐阜 | 熊本 荒尾
78%
水俣 熊本 水俣
78%
由布 大分 由布院
78%
日南 宮崎 日南
78%
小林 兵庫 | 千葉 | 宮崎 小林
78%
日向 千葉 日向
78%
日向 宮崎 日向市
78%
えびの 宮崎 えびの
78%
鹿児島 鹿児島 鹿児島中央
78%
出水 鹿児島 出水
78%
指宿 鹿児島 指宿
78%
垂水 兵庫 垂水
78%
志布志 鹿児島 志布志
78%
姶良 鹿児島 姶良
78%
那覇 沖縄 那覇空港
78%
久留米 福岡 南久留米
72%
筑後 福岡 筑後船小屋
72%
行橋 福岡 行橋
72%
中間 福岡 中間
72%
小郡 福岡 小郡
72%
大野城 福岡 大野城
72%
太宰府 福岡 太宰府
72%
古賀 福岡 古賀
72%
うきは 福岡 うきは
72%
朝倉 愛知 | 高知 朝倉
72%
唐津 佐賀 西唐津
72%
鳥栖 佐賀 新鳥栖
72%
鹿島 佐賀 肥前鹿島
72%
小城 佐賀 小城
72%
嬉野 佐賀 嬉野温泉
72%
神埼 佐賀 神埼
72%
佐世保 長崎 北佐世保
72%
熊本 熊本 西熊本
72%
熊本 熊本 南熊本
72%
水俣 熊本 新水俣
72%
玉名 熊本 新玉名
72%
玉名 熊本 玉名
72%
宇土 熊本 宇土
72%
阿蘇 熊本 阿蘇
72%
大分 大分 大分
72%
別府 兵庫 | 大分 | 福岡 別府
72%
中津 岐阜 中津川
72%
中津 大分 | 大阪 中津
72%
日田 大分 日田
72%
佐伯 大分 佐伯
72%
臼杵 大分 臼杵
72%
津久見 大分 津久見
72%
宇佐 大分 宇佐
72%
宮崎 宮崎 宮崎
72%
宮崎 宮崎 南宮崎
72%
都城 宮崎 都城
72%
西都 | 都城 宮崎 西都城
72%
延岡 宮崎 延岡
72%
串間 宮崎 串間
72%
枕崎 鹿児島 枕崎
72%
阿久根 鹿児島 阿久根
72%
大牟田 福岡 新大牟田
67%
久留米 福岡 久留米大学前
67%
久留米 福岡 西鉄久留米
67%
田川 福岡 田川後藤寺
67%
唐津 佐賀 東唐津
67%
多久 佐賀 東多久
67%
鹿島 茨城 鹿島サッカースタジアム
67%
長崎 東京 東長崎
67%
佐世保 長崎 中佐世保
67%
平戸 長崎 たびら平戸口
67%
熊本 熊本 上熊本
67%
大分 大分 西大分
67%
竹田 京都 | 兵庫 竹田
67%
竹田 大分 豊後竹田
67%
杵築 大分 杵築
67%
宮崎 宮崎 宮崎空港
67%
延岡 宮崎 南延岡
67%
小林 宮崎 西小林
67%
鹿児島 鹿児島 南鹿児島
67%
鹿児島 鹿児島 鹿児島中央駅前
67%
石垣 鹿児島 石垣
67%
福岡 福岡 南福岡
61%
福岡 福岡 福岡空港
61%
田川 愛知 太田川
61%
柳川 福岡 西鉄柳川
61%
行橋 福岡 南行橋
61%
春日 埼玉 北春日部
61%
春日 兵庫 春日野道
61%
春日 福岡 春日原
61%
朝倉 奈良 大和朝倉
61%
佐賀 高知 土佐佐賀
61%
鹿島 静岡 西鹿島
61%
長崎 長崎 長崎駅前
61%
佐世保 長崎 佐世保中央
61%
諫早 長崎 西諫早
61%
熊本 熊本 熊本駅前
61%
荒尾 熊本 南荒尾
61%
大分 大分 南大分
61%
大分 大分 大分大学前
61%
宮崎 宮崎 宮崎神宮
61%
延岡 宮崎 北延岡
61%
鹿児島 鹿児島 鹿児島駅前
61%
鹿児島 鹿児島 南鹿児島駅前
61%
垂水 兵庫 山陽垂水
61%
霧島 鹿児島 霧島神宮
61%
小郡 福岡 西鉄小郡
56%
多久 佐賀 中多久
56%
西海 | 鹿島 千葉 西海鹿島
56%
長崎 山形 羽前長崎
56%
長崎 長崎 長崎大学
56%
島原 長崎 島原港
56%
諫早 長崎 東諫早
56%
大村 長崎 大村車両基地
56%
人吉 熊本 西人吉
56%
阿蘇 熊本 南阿蘇水の生まれる里白水高原
56%
別府 大分 別府大学
56%
中津 大分 東中津
56%
宇佐 静岡 宇佐美
56%
由布 大分 南由布
56%
日向 宮崎 日向大束
56%
垂水 兵庫 東垂水
56%
日置 和歌山 紀伊日置
56%
福岡 長野 伊那福岡
50%
久留米 福岡 久留米高校前
50%
直方 福岡 筑豊直方
50%
飯塚 秋田 羽後飯塚
50%
田川 福岡 田川伊田
50%
行橋 福岡 令和コスタ行橋
50%
豊前 福岡 豊前松江
50%
豊前 福岡 豊前川崎
50%
豊前 大分 豊前善光寺
50%
中間 福岡 東中間
50%
春日 山梨 春日居町
50%
春日 静岡 春日町
50%
朝倉 福岡 朝倉街道
50%
糸島 福岡 糸島高校前
50%
鹿島 千葉 海鹿島
50%
鹿島 神奈川 鹿島田
50%
鹿島 石川 能登鹿島
50%
長崎 東京 落合南長崎
50%
熊本 熊本 北熊本
50%
人吉 熊本 人吉温泉
50%
大分 福岡 筑前大分
50%
別府 大分 東別府
50%
中津 石川 中津幡
50%
宮崎 富山 越中宮崎
50%
日向 東京 日向和田
50%
日向 宮崎 日向長井
50%
日向 宮崎 日向北方
50%
えびの 宮崎 えびの飯野
50%
出水 鹿児島 西出水
50%
霧島 鹿児島 霧島温泉
50%
伊佐 和歌山 紀伊佐野
50%
浦添 沖縄 浦添前田
50%
筑後 福岡 筑後吉井
44%
春日 新潟 春日山
44%
朝倉 高知 朝倉駅前
44%
伊万里 佐賀 上伊万里
44%
鹿島 宮城 鹿島台
44%
鹿島 愛知 三河鹿島
44%
諫早 長崎 本諫早
44%
松浦 長崎 松浦発電所前
44%
八代 島根 出雲八代
44%
竹田 兵庫 丹波竹田
44%
宮崎 神奈川 宮崎台
44%
日向 宮崎 日向沓掛
44%
日向 宮崎 日向前田
44%
田川 奈良 佐味田川
39%
筑後 福岡 筑後大石
39%
古賀 福岡 古賀茶屋
39%
古賀 長崎 肥前古賀
39%
鹿島 茨城 鹿島大野
39%
平戸 愛知 平戸橋
39%
佐伯 広島 佐伯区役所前
39%
臼杵 大分 上臼杵
39%
日向 宮崎 日向新富
39%
日向 宮崎 日向住吉
39%
日向 宮崎 日向庄内
39%
えびの 宮崎 えびの上江
39%
直方 福岡 南直方御殿口
33%
筑後 福岡 筑後草野
33%
大川 青森 大川平
33%
大川 鹿児島 薩摩大川
33%
豊前 福岡 豊前大熊
33%
豊前 大分 豊前長洲
33%
中間 福岡 筑豊中間
33%
田川 京都 山田川
28%
田川 福岡 田川市立病院
28%
大川 福島 大川ダム公園
28%
大川 佐賀 大川野
28%
大川 鹿児島 頴娃大川
28%
朝倉 高知 朝倉神社前
28%
佐賀 高知 佐賀公園
28%
鹿島 茨城 鹿島灘
28%
諫早 長崎 諫早東高校
28%
熊本 熊本 熊本城・市役所前
28%
八代 高知 八代通
28%
阿蘇 熊本 阿蘇下田城
28%
小林 静岡 遠州小林
28%
日向 宮崎 南日向
28%
伊佐 山形 伊佐領
28%
大川 静岡 伊豆大川
22%
大川 鹿児島 大隅大川原
22%
春日 香川 春日川
22%
島原 長崎 島原船津
22%
五島 福島 弥五島
22%
五島 長崎 五島町
22%
阿蘇 熊本 阿蘇白川
22%
田川 福島 谷田川
17%
田川 三重 井田川
17%
田川 奈良 竜田川
17%
春日 東京 練馬春日町
17%
鹿島 茨城 鹿島旭
17%
熊本 熊本 熊本高専前
17%
阿蘇 熊本 南阿蘇白川水源
17%
大川 富山 大川寺
11%
No matching quizzes found
Score Distribution
Percent of People with Each Score
Percentile by Number Answered
Your Score History
You have not taken this quiz